Terrorism & India's Internal Security Architecture/ (Record no. 207478)

MARC details
000 -LEADER
fixed length control field 00559nam a22001937a 4500
005 - DATE AND TIME OF LATEST TRANSACTION
control field 20241206161511.0
010 ## - LCCN (DPL NO)
LC control number ENG-142862
020 ## - INTERNATIONAL STANDARD BOOK NUMBER
International Standard Book Number 9789385329524
Terms of availability 350.00
035 ## - SYSTEM CONTROL NUMBER
System control number EN-126394
037 ## - SOURCE OF ACQUISITION
Source of stock number/acquisition DBAD
082 ## - DEWEY DECIMAL CLASSIFICATION NUMBER
Classification number 303.625
100 ## - MAIN ENTRY--PERSONAL NAME
Personal name Gulati, Varun
245 ## - TITLE STATEMENT
Title Terrorism & India's Internal Security Architecture/
Statement of responsibility, etc by Varun Gulati
250 ## - EDITION STATEMENT
Edition statement 1
260 ## - PUBLICATION, DISTRIBUTION, ETC. (IMPRINT)
Place of publication, distribution, etc Delhi
Name of publisher, distributor, etc Shree kala Prakashan
Date of publication, distribution, etc 2021
270 ## - ADDRESS
Address 42/43,U.B. Jawahar Nagar
City Delhi
Postal code 110007
300 ## - PHYSICAL DESCRIPTION
Extent 97p.
Dimensions 22cm(pb)
942 ## - ADDED ENTRY ELEMENTS (KOHA)
Source of classification or shelving scheme Dewey Decimal Classification
Item type English Books
Classification part 303.625
Call number suffix GUL
Holdings
Withdrawn status Lost status Not for loan Collection code Home library Current library Date acquired Source of acquisition Cost, normal purchase price Full call number Barcode Copy number Cost, replacement price Koha item type
      Non-fiction Sarojini Nagar Sarojini Nagar 06/12/2024 Delivery of Books Division 350.00 303.625 GUL EN-126394 1 350.00 English Books

© Delhi Public Library
Hit Counter
free hit counter